[Event "Plancoet op 2nd"]
[Site "Plancoet"]
[Date "2002.07.29"]
[Round "3.9"]
[White "Bodenez, Vincent"]
[Black "Schutz, Bendilct"]
[Result "0-1"]
[WhiteElo "2119"]
[BlackElo "2000"]
[PlyCount "105"]
[EventDate "2002.07.23"]
[EventType "swiss"]
[EventRounds "9"]
[EventCountry "FRA"]
[SourceTitle "EXT 2003"]
[Source "ChessBase"]
[SourceDate "2002.11.25"]
[SourceVersion "1"]
[SourceVersionDate "2002.11.25"]
[SourceQuality "1"]

1. e4 e6 2. d4 d5 3. Nc3 Bb4 4. exd5 exd5 5. Bd3 Nf6 6. Bg5 0-0 7. Nge2 Bg4 8. f3 Bh5 9. g4 Bg6 10. h4 h6 11. Bf4 Re8 12. Bxg6 fxg6 13. Qd3 Bxc3+ 14. bxc3 Qe7 15. Rh2 Qf7 16. 0-0-0 Nh7 17. Be5 a5 18. f4 Ra6 19. g5 h5 20. Rf2 Nc6 21. Rdf1 Ne7 22. Ng3 Nf5 23. Nxf5 gxf5 24. Qf3 g6 25. c4 c6 26. cxd5 cxd5 27. Qb3 Rc8 28. c3 Rac6 29. Rc2 Nf8 30. Kd2 Nd7 31. Re1 Nb6 32. Kd3 Nc4 33. a4 Rb6 34. Qa2 Re6 35. Rce2 Qd7 36. Rb1 Qc6 37. Qb3 b6 38. Bf6 Re4 39. Rbe1 Kf7 40. Rxe4 fxe4+ 41. Kc2 Qd7 42. Rd1 Ne3+ 43. Kd2 Nxd1 44. Kxd1 Qg4+ 45. Kc2 Qe2+ 46. Kb1 Rc4 47. Qa3 Qd1+ 48. Kb2 Qd2+ 49. Kb1 Kg8 50. Bg7 Kh7 51. Be5 Kg8 52. Bg7 Rc8 53. Be5 0-1

[Event "Plancoet op 2nd"]
[Site "Plancoet"]
[Date "2002.07.29"]
[Round "4.4"]
[White "Schutz, Bendilct"]
[Black "Belkhodja, Slim"]
[Result "0-1"]
[WhiteElo "2000"]
[BlackElo "2505"]
[PlyCount "120"]
[EventDate "2002.07.23"]
[EventType "swiss"]
[EventRounds "9"]
[EventCountry "FRA"]
[SourceTitle "EXT 2003"]
[Source "ChessBase"]
[SourceDate "2002.11.25"]
[SourceVersion "1"]
[SourceVersionDate "2002.11.25"]
[SourceQuality "1"]

1. c4 e5 2. Nc3 Bb4 3. e3 Bxc3 4. bxc3 d6 5. d4 c5 6. Bd3 Nc6 7. d5 Nce7 8. Ne2 f5 9. f3 Nf6 10. Ng3 0-0 11. 0-0 Qe8 12. Qc2 Nh5 13. Bd2 Bd7 14. Be1 Ba4 15. Qb1 Nxg3 16. hxg3 Rb8 17. Kf2 b5 18. cxb5 e4 19. Be2 Bxb5 20. Qd1 Bxe2 21. Qxe2 exf3 22. gxf3 Nxd5 23. Rd1 Qf7 24. c4 Nb6 25. Rc1 Rfe8 26. Ba5 d5 27. Bxb6 axb6 28. cxd5 Qxd5 29. Qc4 Rbd8 30. Rfe1 Qxc4 31. Rxc4 Rd2+ 32. Re2 Rxe2+ 33. Kxe2 Ra8 34. a4 Kf7 35. g4 fxg4 36. Rxg4 g6 37. Kd3 h5 38. Rc4 g5 39. Ke2 Ke6 40. f4 g4 41. Re4+ Kf6 42. Re5 Rh8 43. a5 bxa5 44. Rxc5 h4 45. Rxa5 h3 46. Ra6+ Kf5 47. Ra5+ Ke6 48. Ra6+ Kd5 49. Ra5+ Kc4 50. Ra4+ Kc3 51. Ra1 Rg8 52. Rc1+ Kb2 53. Re1 g3 54. Kf1 Kc3 55. e4 Kd2 56. Re2+ Kd3 57. Re1 Rg4 58. e5 Rxf4+ 59. Kg1 Re4 60. Ra1 Ke3 0-1

[Event "Plancoet op 2nd"]
[Site "Plancoet"]
[Date "2002.07.27"]
[Round "1.24"]
[White "Morla, Antoine"]
[Black "Schutz, Bendilct"]
[Result "0-1"]
[WhiteElo "1440"]
[BlackElo "2000"]
[PlyCount "80"]
[EventDate "2002.07.23"]
[EventType "swiss"]
[EventRounds "9"]
[EventCountry "FRA"]
[SourceTitle "EXT 2003"]
[Source "ChessBase"]
[SourceDate "2002.11.25"]
[SourceVersion "1"]
[SourceVersionDate "2002.11.25"]
[SourceQuality "1"]

1. d4 d5 2. Nf3 Nf6 3. e3 g6 4. c4 c6 5. Nc3 Bg7 6. Be2 0-0 7. 0-0 Nbd7 8. Qc2 dxc4 9. Bxc4 b5 10. Bb3 Bb7 11. Re1 Qb6 12. Qd2 c5 13. Qd1 e6 14. dxc5 Nxc5 15. Bc2 Rfd8 16. Qe2 b4 17. Na4 Nxa4 18. Bxa4 Ba6 19. Qc2 Rac8 20. Qxc8 Rxc8 21. Bd2 Ne4 22. Rab1 Bd3 23. Rbc1 Rxc1 24. Rxc1 Bxb2 25. Re1 Nxd2 26. Nxd2 Bc3 27. Rd1 Qa6 28. Bb3 Be2 29. Bc4 Bxc4 30. Nxc4 Qxc4 31. g3 Qxa2 32. Kg2 Qd5+ 33. Rxd5 exd5 34. Kf1 b3 35. Ke2 b2 36. Kf3 b1Q 37. Kg4 Qe4+ 38. Kh3 Qf3 39. e4 dxe4 40. Kh4 Qh5# 0-1